Verejné športové podujatia v obci a vulgárne správanie fanúšikov

Analýza úlohy obce pri organizovaní športových podujatí vo svetle novej právnej úpravy

Salvato in:
Dettagli Bibliografici
Autore principale: Tekeli, Jozef
Natura: Capitolo di libro
Lingua:slovacco
Soggetti:
Tags: Aggiungi Tag
Nessun Tag, puoi essere il primo ad aggiungerne!!

MARC

LEADER 00000naa a2200000 4500
001 0238666
005 20180111105947.4
041 0 |a slo 
044 |a SK 
245 1 0 |a Verejné športové podujatia v obci a vulgárne správanie fanúšikov  |c Jozef Tekeli 
520 |a Analýza úlohy obce pri organizovaní športových podujatí vo svetle novej právnej úpravy 
610 2 0 |a šport 
610 2 0 |a obce 
610 2 0 |a úpravy právne 
610 2 0 |a poriadok organizačný 
610 2 0 |a priestupky 
100 1 |a Tekeli, Jozef